000 00293nam a22001337a 4500
008 180104b xxu||||| |||| 00| 0 eng d
020 _a9780133731729
041 _aeng
080 _a32
100 _a19
101 _aPOL
245 _aAMERICAN GOVERNMENT
_cMcCLENAGHAN,W.A
942 _2udc
_cBK
999 _c39718
_d39718